[Event "Saint Affrique op 22nd"]
[Site "Saint Affrique"]
[Date "2014.07.20"]
[Round "2"]
[White "Prieu, Arnaud"]
[Black "Van den Brande, Norman"]
[Result "1-0"]
[WhiteElo "1572"]
[BlackElo "1210"]
[PlyCount "53"]
[EventDate "2014.07.19"]
[EventType "swiss"]
[EventRounds "9"]
[EventCountry "FRA"]
[SourceTitle "CBM 161 Extra"]
[Source "ChessBase"]
[SourceDate "2014.08.29"]
[SourceVersion "1"]
[SourceVersionDate "2014.08.29"]
[SourceQuality "1"]

1. e4 c6 2. d4 d5 3. Nc3 e6 4. Bf4 Bd6 5. Qd2 Ne7 6. e5 Bc7 7. Bg5 h6 8. Bh4 0-0 9. Bd3 Nd7 10. f4 Qe8 11. 0-0-0 Ng6 12. Nf3 Nxh4 13. Nxh4 Qe7 14. Qf2 a5 15. f5 b5 16. Rhf1 b4 17. f6 Qe8 18. fxg7 Kxg7 19. Qg3+ Kh8 20. Qe3 Kg7 21. Rf5 Qe7 22. Qg3+ Kh8 23. Rh5 Qg5+ 24. Rxg5 hxg5 25. Qxg5 bxc3 26. Qh6+ Kg8 27. Qh7# 1-0